000 00930cab a2200253 4500
001 WB2912-14
008 090401t1993 xxu||||| |||| 00| 0 eng d
035 _a(Sirsi) u73184
041 _aeng
245 _aSuperstores under threat
260 _c1993
350 _a0
490 _aFinancial Times
_v24 March 1993, 13(2)
520 _aFactory outlet malls and warehouse clubs have long been the `enemy` within the retail sector in the USA. They are about to make an appearance in Britain but some question whether they will be able to keep costs low enough and volumes high enough to be much of a threat to existing forms of retail. (See WB 2911-15)
650 _aDISCOUNT STORES
650 _aFACTORY OUTLET MALLS
650 _aFACTORY SHOPS
650 _aUSA
650 _aWAREHOUSE CLUBS
650 _aWAREHOUSES
690 _aPROPERTY-COMMERCIAL PROPERTY-RETAIL PROPERTY
942 _n0
948 _c04/03/1997
999 _c46282
_d46282